000
00326nam a2200133Ia 4500
008
230411s9999 xx 000 0 und d
041
_a
eng
082
_a
F/610.7309/RAO/B03174
100
_a
Rao Grace
245
_a
History of Nursing
260
_b
N R Brothers
_a
Indore
_c
1993
300
_a
116p
999
_c
154136
_d
154136